LIBRARY & INFORMATION CENTRE, KCAET, TAVANUR

ONLINE PUBLIC ACCESS CATALOGUE (OPAC)

Dr Jekyll and Mr Hyde / (Record no. 991)

MARC details
000 -LEADER
fixed length control field 00397cam a2200157ua 4500
041 ## - LANGUAGE CODE
Language code of text/sound track or separate title eng
082 ## - DEWEY DECIMAL CLASSIFICATION NUMBER
Classification number 823.308
Item number STE/DR
100 ## - MAIN ENTRY--AUTHOR NAME
Personal name Stevenson, Robert Louis .
245 ## - TITLE STATEMENT
Title Dr Jekyll and Mr Hyde /
260 ## - PUBLICATION, DISTRIBUTION, ETC. (IMPRINT)
Place of publication :
Name of publisher Geoftrey Cumberleye ,
Year of publication 1953.
300 ## - PHYSICAL DESCRIPTION
Number of Pages 82 ; .
942 ## - ADDED ENTRY ELEMENTS (KOHA)
Koha item type Books
Holdings
Withdrawn status Lost status Damaged status Home library Current library Date acquired Full call number Accession Number Koha item type
Withdrawn     KAUAET Sanskrit University 07/04/2012 823.308 10526 Books
Withdrawn     KAUAET Sanskrit University 07/04/2012 823.308 11049 Books
free website counter